English Through Reading (Record no. 216)

MARC details
000 -LEADER
fixed length control field 00385nam a2200169Ia 4500
008 - FIXED-LENGTH DATA ELEMENTS--GENERAL INFORMATION
fixed length control field 221030s9999 xx 000 0 und d
020 ## - INTERNATIONAL STANDARD BOOK NUMBER
ISBN 0333905962
041 ## - LANGUAGE CODE
Language code of text/sound track or separate title
082 ## - DEWEY DECIMAL CLASSIFICATION NUMBER
Classification number 105.23
100 ## - MAIN ENTRY--AUTHOR NAME
Personal name W. W. S. Bhasker
245 #0 - TITLE STATEMENT
Title English Through Reading
260 ## - PUBLICATION, DISTRIBUTION, ETC. (IMPRINT)
Name of publisher Macmillan
Place of publication Mumbai
Year of publication 2006
300 ## - PHYSICAL DESCRIPTION
Number of Pages 94
650 ## - SUBJECT ADDED ENTRY--TOPICAL TERM
Topical Term BB English
700 ## - ADDED ENTRY--PERSONAL NAME
Personal name N. S. Prabhu
942 ## - ADDED ENTRY ELEMENTS (KOHA)
Koha item type Books
Holdings
Accession Number Cost, normal purchase price Serial Enumeration / chronology Full call number Price effective from Koha item type Withdrawn / writtenoff status Materials specified (bound volume or other part) Damaged status Not for loan Permanent Location Current Location Shelving location Date acquired Lost/ Missing status department
BB 541 50.00 II 105.23 10/30/2022 Books   Print     MIET Library, Jammu MIET Library, Jammu BL-Second, FL-1, CUP-87, SH-3, R-3 05/10/2007   BB
BB 542 50.00 II 105.23 10/30/2022 Books   Print     MIET Library, Jammu MIET Library, Jammu BL-Second, FL-1, CUP-87, SH-3, R-3 05/10/2007   BB
BB 543 50.00 II 105.23 10/30/2022 Books   Print     MIET Library, Jammu MIET Library, Jammu BL-Second, FL-1, CUP-87, SH-3, R-3 05/10/2007   BB
BB 544 50.00 II 105.23 10/30/2022 Books   Print     MIET Library, Jammu MIET Library, Jammu BL-Second, FL-1, CUP-87, SH-3, R-3 05/10/2007   BB
BB 545 50.00 II 105.23 10/30/2022 Books   Print     MIET Library, Jammu MIET Library, Jammu BL-Second, FL-1, CUP-87, SH-3, R-3 05/10/2007   BB
BB 546 50.00 II 105.23 10/30/2022 Books   Print     MIET Library, Jammu MIET Library, Jammu BL-Second, FL-1, CUP-87, SH-3, R-3 05/10/2007   BB
BB 547 50.00 Ii 105.23 10/30/2022 Books   Print     MIET Library, Jammu MIET Library, Jammu BL-Second, FL-1, CUP-87, SH-3, R-3 05/10/2007   BB